Movies Quiz

Random Movies or James Bond Quiz
Score 0/5 Timer 02:00
0 Plays Today
% Correct
1969On Her Majesty's Secret Service
85.2%
1999The World Is Not Enough
82.3%
1974The Man with the Golden Gun
79.1%
1977The Spy Who Loved Me
75.3%
1985A View to a Kill
67.2%
Remove Ads.
Support Sporcle.
Get the best of Sporcle when you Go Orange. This ad-free experience offers more features, more stats, and more fun while also helping to support Sporcle. Thank you for becoming a member.

You're not logged in!

Compare scores with friends on all Sporcle quizzes.
OR
Log In

Show Comments

Extras

Top Quizzes Today


Score Distribution

Your Account Isn't Verified!

In order to create a playlist on Sporcle, you need to verify the email address you used during registration. Go to your Sporcle Settings to finish the process.

Report this User

Report this user for behavior that violates our Community Guidelines.

Details: